Stanica pre pohlavne chorých v Košiciach

Bibliographic Details
Main Author: red (Author)
Format: Article
Language:Slovak
Subjects:

MARC

LEADER 00000nab a2200000u 4500
001 vtls012245449
003 SK-MaSNL
005 20260303232114.0
008 231205|19460206xo ||||||| ||00 ||slo|
038 |a KEVKJB 
040 |a KEVKJB  |b slo  |e rda 
041 0 |a slo 
043 |a e-xo--- 
044 |a xo  |c SK 
072 7 |a 615.8  |x Fyzioterapia. Psychoterapia. Alternatívna medicína  |2 konspekt 
080 |a 615.851.4  |2 2011 
100 1 |a red.  |4 aut  |9 848321 
245 1 0 |a Stanica pre pohlavne chorých v Košiciach  |c [autor] red. 
336 |a text  |b txt  |2 rdacontent 
337 |a bez média  |b n  |2 rdamedia 
338 |a zväzok  |b nc  |2 rdacarrier 
610 2 7 |a Štátna nemocnica (Košice, Slovensko)  |2 SNKKA  |9 204695 
650 0 7 |a zdravotné poradenstvo  |2 SNKPH  |9 109666 
650 0 7 |a pohlavné choroby  |2 SNKPH  |9 2564 
651 7 |a Košice (Slovensko)  |2 SNKPHgeo  |9 18694 
773 0 |t Východoslovenská Pravda  |g Roč. 2, č. 30 (6.2.1946), s. 2 
852 |a KEVKJB  |b KIS3GCP 
999 |c 2270093  |d 2272023